| 000 | 00387nam a2200157 4500 | ||
|---|---|---|---|
| 008 | 190524s2012||||xo d | ||
| 245 | 1 | 0 | _aPrestante tvrdit že ste v pohode |
| 260 |
_bEastone Books _aBratislava _c2012 |
||
| 100 | 1 |
_aRobbins Mel _91156 |
|
| 250 | _a1.vydanie | ||
| 300 | _a238 s. | ||
| 020 |
_a9788081091988 _c0 |
||
| 041 | 1 | _aslo | |
| 044 |
_axo _cSK |
||
| 958 | _aA | ||
| 999 |
_c22460 _d22460 |
||